000 00295nam a2200145Ia 4500
100 _aPhilips
942 _cBK
654 _aModules
245 _aWideband Hybrid IC Modules
260 _bPhilips
_aNONE
_c1996
082 _a621.3815
_bSC16
300 _a224
546 _aENGLISH
999 _c21748
_d21748